000 00861nam a2200241Ia 4500
003 OSt
005 20221005110452.0
006 a|||||r|||| 00| 0
007 ta
008 221004b |||||||| |||| 00| 0 hin d
024 _a30717
037 _cTextual
040 _aCRL
_cCRL
_bhin
041 _2hin
_ahin
082 _aV2:2'M, 152L6
100 _aमिश्र, कृष्णकान्त
245 0 _aभारत की राजनीतिक प्रणाली
246 _aBhārat kī rājanītik praṇālī
260 _aनई दिल्ली
_bदि मैकमिलन कंपनी ऑफ इंडिया लिमिटेड भारत
_c1976
300 _a293पृ.
_ccm.
942 _hV2:2'M, 152L6
_cTEXL
_2cc
999 _c1018921
_d1018921